| 000 | 00878cam a22002054a 4500 | ||
|---|---|---|---|
| 005 | 20250605164334.0 | ||
| 008 | 250528s ||||||||||||||||||||||||d | ||
| 035 | _a23367 | ||
| 020 | _a1403933108 | ||
| 040 |
_aGR-AtMCL _bgre _dGR-AtMCL _eAACR2 |
||
| 245 | 1 | _aChildren's Voices / Talk, Knowledge and Identity | |
| 250 | _a1st | ||
| 260 |
_aNew York _bPalgrave Macmillan, _c2006 |
||
| 300 | _a214 | ||
| 520 | _aAcknowledgements, Transcription Conventions, Setting the Scene, Context and Genre and Frames, Dialogue and Collaboration: Girls and Boys, Reported Voices and Evaluation, Articulating Dialogue: Agency and Gender in Children's Anecdotes, Narrative Reflections and Moral Complexities, Schooled Voices, Official and Unofficial Literacies, Conclusion, Notes, References, Index. | ||
| 700 | 1 |
_aMaybin Janet _98927 |
|
| 942 | _cBK | ||
| 999 |
_c8392 _d8392 |
||